Nancy Drew mystery stories 14 (Record no. 8846)

MARC details
000 -LEADER
fixed length control field 00826nam a22002177a 4500
003 - CONTROL NUMBER IDENTIFIER
control field OSt
005 - DATE AND TIME OF LATEST TRANSACTION
control field 20260310033526.0
008 - FIXED-LENGTH DATA ELEMENTS--GENERAL INFORMATION
fixed length control field 260310b |||||||| |||| 00| 0 eng d
020 ## - INTERNATIONAL STANDARD BOOK NUMBER
International Standard Book Number 978-0-448-09514-1
040 ## - CATALOGING SOURCE
Original cataloging agency DWCL GS lib
Transcribing agency OC
082 ## - DEWEY DECIMAL CLASSIFICATION NUMBER
Edition number K26n 1970
100 ## - MAIN ENTRY--PERSONAL NAME
Personal name CAROLYN KEENE
245 ## - TITLE STATEMENT
Title Nancy Drew mystery stories 14
Remainder of title the whispering statue
Statement of responsibility, etc. CAROLYN KEENE
260 ## - PUBLICATION, DISTRIBUTION, ETC.
Place of publication, distribution, etc. New York
Name of publisher, distributor, etc. Grosset & Dunlap
Date of publication, distribution, etc. 1970
300 ## - PHYSICAL DESCRIPTION
Extent vii, 179 pages:
Other physical details illustrations
Dimensions 19 cm.
520 ## - SUMMARY, ETC.
Summary, etc. Nancy Drew investigates a stolen marble statue that “whispers” and looks like her while also uncovering a dishonest art dealer’s schemes.
546 ## - LANGUAGE NOTE
Language note English
650 ## - SUBJECT ADDED ENTRY--TOPICAL TERM
Source of heading or term Courage and Bravery, Responsibility and Diligence
650 ## - SUBJECT ADDED ENTRY--TOPICAL TERM
Source of heading or term Honesty and Integrity, Perseverance and Problem-Solving
942 ## - ADDED ENTRY ELEMENTS (KOHA)
Source of classification or shelving scheme Dewey Decimal Classification
Koha item type Fiction
Classification part Fic.
Suppress in OPAC No

No items available.